30 Largest Countries (Including Overseas Territories.) - Statistics

General Stats
  • This quiz has been taken 50 times
  • The average score is 23 of 30
Answer Stats
Hint Answer % Correct
North America USA
100%
South America Argentina
97%
North America Canada
97%
Asia China
97%
Asia/Europe Russia
97%
South America Brazil
94%
Asia India
94%
Africa Algeria
91%
Oceania Australia
91%
North America Mexico
91%
Africa DRC
89%
Asia/Europe Kazakhstan
86%
Asia Iran
77%
Asia Indonesia
74%
Africa Libya
74%
Asia Mongolia
74%
Africa South Africa
74%
Africa Chad
71%
South America Colombia
71%
Africa Mali
71%
South America Peru
71%
Africa Sudan
71%
Africa Niger
63%
Africa Angola
60%
South America Bolivia
60%
Africa Egypt
60%
Asia Saudi Arabia
60%
Africa Ethiopia
57%
Europe/North America Denmark (Greenland)
51%
Africa Mauritania
49%
No matching quizzes found
Score Distribution
Percent of People with Each Score
Percentile by Number Answered
Your Score History
You have not taken this quiz